[Event "Olympiad Women-41"]
[Site "Tromsoe"]
[Date "2014.08.12"]
[Round "10.3"]
[White "Nazarova, Anastasia"]
[Black "Blackburn, Suzie G"]
[Result "0-1"]
[WhiteElo "1904"]
[BlackElo "1971"]
[PlyCount "110"]
[EventDate "2014.08.02"]
[EventType "team-swiss"]
[EventRounds "11"]
[EventCountry "NOR"]
[SourceTitle "CBM 162"]
[Source "ChessBase"]
[SourceDate "2014.09.17"]
[SourceVersion "1"]
[SourceVersionDate "2014.09.17"]
[SourceQuality "1"]
[WhiteTeam "Finland (W)"]
[BlackTeam "Wales (W)"]
[WhiteTeamCountry "FIN"]
[BlackTeamCountry "WLS"]

1. e4 e6 2. d3 c5 3. Nd2 Nc6 4. Ngf3 g6 5. g3 Bg7 6. Bg2 Nge7 7. 0-0 0-0 8. Re1 d5 9. c3 b6 10. Qe2 Ba6 11. e5 Rc8 12. Nf1 d4 13. c4 b5 14. b3 bxc4 15. bxc4 Rb8 16. Bf4 Qa5 17. h4 Rb6 18. Rad1 Rfb8 19. Rd2 Qa3 20. Red1 Rb2 21. N1h2 Rxd2 22. Rxd2 Rb1+ 23. Bf1 Bb7 24. Bg5 h6 25. Bf6 Kh7 26. Ng4 Ng8 27. h5 Nce7 28. hxg6+ Nxg6 29. Nfh2 Qc1 30. Bxg7 Kxg7 31. f4 Qe1 32. Qxe1 Rxe1 33. Rb2 Bc6 34. Kf2 Rc1 35. Ke2 h5 36. Nf2 h4 37. gxh4 Nxf4+ 38. Kd2 Ra1 39. Nd1 Ne7 40. Be2 Neg6 41. h5 Nxe5 42. Nf2 f5 43. Rc2 Kh6 44. Rb2 a5 45. Rc2 a4 46. a3 Rxa3 47. Rb2 Ra1 48. Bd1 Nfxd3 49. Nxd3 Nxc4+ 50. Kc2 Nxb2 51. Nxb2 Be4+ 52. Kd2 Ra2 53. Kc1 a3 54. Nc4 Ra1+ 55. Kd2 Rxd1+ 0-1

[Event "Olympiad Women-41"]
[Site "Tromsoe"]
[Date "2014.08.05"]
[Round "4.3"]
[White "Blackburn, Suzie G"]
[Black "Abrahamyan, Tatev"]
[Result "0-1"]
[WhiteElo "1971"]
[BlackElo "2366"]
[PlyCount "60"]
[EventDate "2014.08.02"]
[EventType "team-swiss"]
[EventRounds "11"]
[EventCountry "NOR"]
[SourceTitle "CBM 162"]
[Source "ChessBase"]
[SourceDate "2014.09.17"]
[SourceVersion "1"]
[SourceVersionDate "2014.09.17"]
[SourceQuality "1"]
[WhiteTeam "Wales (W)"]
[BlackTeam "United States (W)"]
[WhiteTeamCountry "WLS"]
[BlackTeamCountry "USA"]

1. d4 Nf6 2. Nf3 d5 3. Bf4 c5 4. e3 Nc6 5. c3 Nh5 6. Bg5 h6 7. Bh4 g5 8. Ne5 Nxe5 9. dxe5 gxh4 10. Qxh5 Qb6 11. Nd2 Bd7 12. Rb1 Rg8 13. f4 h3 14. gxh3 0-0-0 15. Kf2 d4 16. e4 Be6 17. c4 Qa5 18. Qd1 f6 19. Nb3 Qc7 20. f5 Bf7 21. e6 Qf4+ 22. Ke1 Qxe4+ 23. Kd2 Qe3+ 24. Kc2 d3+ 25. Kc3 d2+ 26. Kc2 Qe4+ 27. Kc3 Qe5+ 28. Kc2 Qxf5+ 29. Kc3 Qe5+ 30. Kc2 Bg6+ 0-1

[Event "BCF-chT2d 1314 (4NCL)"]
[Site "England"]
[Date "2014.05.03"]
[Round "9.67"]
[White "Blackburn, Suzie G"]
[Black "Gardiner, Eric D"]
[Result "1/2-1/2"]
[WhiteElo "1962"]
[BlackElo "2025"]
[PlyCount "85"]
[EventDate "2013.11.16"]
[EventType "team-tourn"]
[EventRounds "11"]
[EventCountry "ENG"]
[SourceTitle "EXT 2015"]
[Source "ChessBase"]
[SourceDate "2014.11.20"]
[SourceVersion "1"]
[SourceVersionDate "2014.11.20"]
[SourceQuality "1"]
[WhiteTeam "Rhyfelwyr Essyllwg"]
[BlackTeam "Bradford DCA Knights"]
[WhiteTeamCountry "ENG"]
[BlackTeamCountry "ENG"]

1. d4 d5 2. Nf3 Nc6 3. Bf4 Bg4 4. Nbd2 e6 5. e3 Bd6 6. Bg3 Nf6 7. c3 0-0 8. Bd3 e5 9. dxe5 Nxe5 10. Bxe5 Bxe5 11. h3 Bxf3 12. Nxf3 Bd6 13. 0-0 c5 14. c4 dxc4 15. Bxc4 Qe7 16. Qb3 b6 17. Rad1 Rad8 18. e4 Nd7 19. Bd5 Ne5 20. Nxe5 Bxe5 21. Rd3 Bd4 22. Rf3 Rd6 23. Re1 Be5 24. a4 Rf6 25. Ree3 Rxf3 26. Rxf3 g6 27. g3 Kg7 28. Kg2 f6 29. Rd3 Bd4 30. f4 Rb8 31. Qb5 Rd8 32. Qb3 Qc7 33. Rd2 a6 34. Qc4 Qa7 35. b4 b5 36. axb5 axb5 37. Ra2 Qb6 38. bxc5 Bxc5 39. Qc1 Rd7 40. Ra8 h6 41. Qa1 Ra7 42. Rxa7+ Qxa7 43. Qxa7+ 1/2-1/2

[Event "Olympiad Women-40"]
[Site "Istanbul"]
[Date "2012.08.28"]
[Round "1.2"]
[White "Blackburn, Suzie G"]
[Black "Nemcova, Katerina"]
[Result "0-1"]
[WhiteElo "1967"]
[BlackElo "2276"]
[PlyCount "58"]
[EventDate "2012.08.28"]
[EventType "team-swiss"]
[EventRounds "11"]
[EventCountry "TUR"]
[SourceTitle "CBM 150 Extra"]
[Source "ChessBase"]
[SourceDate "2012.10.19"]
[SourceVersion "1"]
[SourceVersionDate "2012.10.19"]
[SourceQuality "1"]
[WhiteTeam "Wales (W)"]
[BlackTeam "Czech Republic (W)"]
[WhiteTeamCountry "WLS"]
[BlackTeamCountry "CZE"]

1. d4 Nf6 2. Nf3 e6 3. Bg5 h6 4. Bh4 d6 5. c3 Nbd7 6. Nbd2 g5 7. Bg3 Nh5 8. e4 Bg7 9. Bd3 Qe7 10. Qe2 a6 11. Nc4 b6 12. 0-0-0 Bb7 13. Nfd2 Nxg3 14. hxg3 Rc8 15. Ne3 b5 16. Nb3 c5 17. Na5 cxd4 18. Nxb7 Rc7 19. Bxb5 axb5 20. Qxb5 0-0 21. Nc4 Rb8 22. Ncxd6 Nc5 23. cxd4 Nxb7+ 24. Nc4 Rbc8 25. b3 Nd6 26. Qa6 Nxc4 27. bxc4 Rxc4+ 28. Kd2 Rxd4+ 29. Ke3 Rc3+ 0-1

[Event "ENG-WLS e2e4 (Women)"]
[Site "London"]
[Date "2012.05.19"]
[Round "1"]
[White "Bhatia, Kanwal K"]
[Black "Blackburn, Suzie G"]
[Result "1-0"]
[WhiteElo "2064"]
[BlackElo "1963"]
[PlyCount "65"]
[EventDate "2012.05.19"]
[EventType "team-match"]
[EventRounds "2"]
[EventCountry "ENG"]
[SourceTitle "EXT 2013"]
[Source "ChessBase"]
[SourceDate "2012.11.22"]
[SourceVersion "1"]
[SourceVersionDate "2012.11.22"]
[SourceQuality "1"]
[WhiteTeam "England (W)"]
[BlackTeam "Wales (W)"]
[WhiteTeamCountry "ENG"]
[BlackTeamCountry "WLS"]

1. e4 e6 2. d4 d5 3. Nd2 Nf6 4. e5 Nfd7 5. f4 c5 6. c3 Nc6 7. Ndf3 Qb6 8. a3 c4 9. Ne2 Na5 10. g3 Nb3 11. Rb1 Nb8 12. Bg2 Bd7 13. 0-0 Ba4 14. Qe1 Na5 15. f5 Bc2 16. fxe6 fxe6 17. Ra1 Nb3 18. Ra2 Bb1 19. Qf2 Nc6 20. Bg5 Bxa2 21. Nh4 Nxe5 22. Bxd5 exd5 23. Qf5 Qd6 24. dxe5 Qd7 25. e6 Qc7 26. Nf4 Be7 27. Nxd5 Qc5+ 28. Be3 Qd6 29. Qf7+ Kd8 30. Nxe7 Re8 31. Bg5 Qc5+ 32. Kg2 Rxe7 33. Bxe7+ 1-0

[Event "BCF-chT2b 1112 (4NCL)"]
[Site "England"]
[Date "2012.02.12"]
[Round "6.7"]
[White "Blackburn, Suzie G"]
[Black "Miles, Richard"]
[Result "1/2-1/2"]
[WhiteElo "1945"]
[BlackElo "2083"]
[PlyCount "32"]
[EventDate "2011.11.12"]
[EventType "team-match"]
[EventRounds "7"]
[EventCountry "ENG"]
[SourceTitle "EXT 2013"]
[Source "ChessBase"]
[SourceDate "2012.11.22"]
[SourceVersion "1"]
[SourceVersionDate "2012.11.22"]
[SourceQuality "1"]
[WhiteTeam "Rhyfelwyr Essyllwg"]
[BlackTeam "South Wales Dragons"]
[WhiteTeamCountry "ENG"]
[BlackTeamCountry "ENG"]

1. d4 Nf6 2. Nf3 g6 3. Bg5 Bg7 4. Nbd2 h6 5. Bh4 d5 6. e3 c5 7. c3 cxd4 8. cxd4 0-0 9. Bd3 Nc6 10. a3 Bf5 11. Qb1 Bxd3 12. Qxd3 Rc8 13. 0-0 Ne8 14. Qb5 Qd7 15. Nb3 Nc7 16. Qd3 Ne6 1/2-1/2

[Event "Gatwick e2e4 op-A"]
[Site "Gatwick"]
[Date "2011.06.19"]
[Round "4"]
[White "Blackburn, Suzie G"]
[Black "Quillan, Gary"]
[Result "0-1"]
[WhiteElo "1944"]
[BlackElo "2399"]
[PlyCount "86"]
[EventDate "2011.06.17"]
[EventType "swiss"]
[EventRounds "5"]
[EventCountry "ENG"]
[SourceTitle "CBM 143 Extra"]
[Source "ChessBase"]
[SourceDate "2011.08.29"]
[SourceVersion "1"]
[SourceVersionDate "2011.08.29"]
[SourceQuality "1"]

1. d4 e6 2. Nf3 Nf6 3. Bg5 c5 4. e3 cxd4 5. exd4 b6 6. Bd3 Bb7 7. Nbd2 Be7 8. 0-0 0-0 9. Re1 d6 10. Ne4 Bxe4 11. Bxf6 Bxd3 12. Bxe7 Bxc2 13. Bxd8 Bxd1 14. Be7 Re8 15. Bxd6 Bxf3 16. Bxb8 Raxb8 17. gxf3 Red8 18. Rad1 Rd7 19. Rd2 Rbd8 20. Red1 Rd5 21. f4 Rf5 22. Rc1 g6 23. Rc7 a5 24. Rc6 b5 25. Kg2 Rxf4 26. Rc5 Rd5 27. Rxd5 exd5 28. Kg3 g5 29. f3 Kg7 30. Rd3 Kg6 31. Rd2 h5 32. h3 f5 33. Rd1 h4+ 34. Kg2 g4 35. fxg4 fxg4 36. hxg4 Rxg4+ 37. Kf3 Kf5 38. a3 Rg3+ 39. Kf2 Rb3 40. Re1 Rxb2+ 41. Kg1 Kf4 42. Re5 b4 43. axb4 a4 0-1

[Event "Olympiad Women-39"]
[Site "Khanty-Mansiysk"]
[Date "2010.09.30"]
[Round "9.32"]
[White "Blackburn, Suzie G"]
[Black "Guerrero Rodriguez, Alejandra"]
[Result "0-1"]
[WhiteElo "1939"]
[BlackElo "2128"]
[PlyCount "118"]
[EventDate "2010.09.21"]
[EventType "team-swiss"]
[EventRounds "11"]
[EventCountry "RUS"]
[SourceTitle "CBM 139"]
[Source "ChessBase"]
[SourceDate "2010.11.18"]
[SourceVersion "1"]
[SourceVersionDate "2010.11.18"]
[SourceQuality "1"]
[WhiteTeam "Wales (W)"]
[BlackTeam "Mexico (W)"]
[WhiteTeamCountry "WLS"]
[BlackTeamCountry "MEX"]

1. d4 f5 2. Nf3 Nf6 3. Bg5 e6 4. e3 Be7 5. Bd3 0-0 6. Nbd2 d5 7. Ne5 Nbd7 8. Ndf3 Ne4 9. Bxe7 Qxe7 10. c3 Ndf6 11. 0-0 Bd7 12. Qb3 b6 13. Rad1 Be8 14. Bb5 c5 15. Bc6 Rc8 16. Qa4 Bxc6 17. Nxc6 Qe8 18. Nfe5 Ng4 19. Qxa7 Rxc6 20. Nxc6 Qxc6 21. dxc5 Qxc5 22. Qd7 Qd6 23. Qxd6 Nxd6 24. Rd4 Ra8 25. h3 Nf6 26. a4 Nfe4 27. f3 Nc5 28. Rb4 Ra6 29. b3 Kf7 30. Rd1 Ke7 31. g4 fxg4 32. hxg4 Ndb7 33. c4 dxc4 34. bxc4 Nxa4 35. Ra1 Nbc5 36. g5 e5 37. Kg2 Ra8 38. Kg3 h6 39. Kg4 Ke6 40. f4 h5+ 41. Kf3 g6 42. Ra3 e4+ 43. Kg3 Kf5 44. Ra1 Rd8 45. Rb5 Rd3 46. Kf2 Nc3 47. Rxb6 Nd1+ 48. Kg3 Rxe3+ 49. Kh4 Nd7 50. Rb5+ Kxf4 51. Rxd1 Ne5 52. Rf1+ Nf3+ 53. Kh3 Re2 54. Rxf3+ exf3 55. Rd5 Rc2 56. c5 f2 57. Kg2 h4 58. Rd1 Kg4 59. Rd3 h3+ 0-1

[Event "Olympiad Women-39"]
[Site "Khanty-Mansiysk"]
[Date "2010.09.29"]
[Round "8.32"]
[White "Jonovska, Katerina"]
[Black "Blackburn, Suzie G"]
[Result "0-1"]
[WhiteElo "2012"]
[BlackElo "1939"]
[PlyCount "110"]
[EventDate "2010.09.21"]
[EventType "team-swiss"]
[EventRounds "11"]
[EventCountry "RUS"]
[SourceTitle "CBM 139"]
[Source "ChessBase"]
[SourceDate "2010.11.18"]
[SourceVersion "1"]
[SourceVersionDate "2010.11.18"]
[SourceQuality "1"]
[WhiteTeam "Macedonia (W)"]
[BlackTeam "Wales (W)"]
[WhiteTeamCountry "MKD"]
[BlackTeamCountry "WLS"]

1. e4 e6 2. d4 d5 3. Nd2 Nf6 4. e5 Nfd7 5. Bd3 c5 6. c3 Nc6 7. Ngf3 Qb6 8. 0-0 cxd4 9. cxd4 Nxd4 10. Nxd4 Qxd4 11. Nf3 Qb6 12. Qa4 Qb4 13. Qc2 Qc5 14. Qe2 Qb6 15. Be3 Bc5 16. Bd2 h6 17. b4 Be7 18. Rac1 0-0 19. Bb5 a6 20. Ba4 Qd8 21. Nd4 b5 22. Bc2 Re8 23. Qd3 Nf8 24. Qg3 Bh4 25. Qh3 Bd7 26. Bb1 Bg5 27. f4 Be7 28. Rf3 f5 29. Qh5 Kh7 30. g4 g6 31. Qh3 Rc8 32. Rxc8 Qxc8 33. a3 Qc4 34. Rd3 Bd8 35. gxf5 exf5 36. Be3 Bb6 37. Qf1 Bxd4 38. Bxd4 Ne6 39. Be3 d4 40. Bd2 Bc6 41. Kf2 Be4 42. h4 Ng7 43. Qh3 Bxd3 44. Bxd3 Qe6 45. Ke2 Nh5 46. Kf2 Qa2 47. Ke1 Rf8 48. Be2 Ng7 49. Qf3 Qb1+ 50. Kf2 Qe4 51. Qb3 Qh1 52. Qg3 Nh5 53. Bxh5 gxh5 54. Ke2 Rg8 55. Qe1 Rg1 0-1

[Event "Uxbridge e2e4 Autumn (Women)"]
[Site "Uxbridge"]
[Date "2010.08.14"]
[Round "7"]
[White "Lang, Heather"]
[Black "Blackburn, Suzie G"]
[Result "1/2-1/2"]
[WhiteElo "2059"]
[BlackElo "1916"]
[PlyCount "90"]
[EventDate "2010.08.11"]
[EventType "tourn"]
[EventRounds "9"]
[EventCountry "ENG"]
[SourceTitle "CBM 137 Extra"]
[Source "ChessBase"]
[SourceDate "2010.09.01"]
[SourceVersion "1"]
[SourceVersionDate "2010.09.01"]
[SourceQuality "1"]

1. e4 e6 2. Nc3 d5 3. d4 Nf6 4. Bg5 Be7 5. e5 Nfd7 6. Bxe7 Qxe7 7. Qh5 a6 8. f4 c5 9. Nf3 Nc6 10. 0-0-0 b5 11. dxc5 Nxc5 12. h4 b4 13. Ne2 Ne4 14. Rg1 h6 15. Nfd4 Nxd4 16. Nxd4 Bd7 17. Bd3 Nf2 18. Rd2 Qc5 19. Rxf2 Qxd4 20. Qe2 0-0 21. g4 Bb5 22. Rg3 Rfc8 23. Kb1 Rc7 24. Qe3 Qxe3 25. Rxe3 Bxd3 26. cxd3 Rac8 27. Re1 b3 28. axb3 Rb7 29. Rc1 Rxc1+ 30. Kxc1 Rxb3 31. Kc2 Rb4 32. Kc3 a5 33. b3 d4+ 34. Kc2 a4 35. bxa4 Rxa4 36. Kb2 Rb4+ 37. Kc1 Ra4 38. Kd2 Ra2+ 39. Ke1 Ra1+ 40. Ke2 Rh1 41. h5 Rg1 42. Kf3 f6 43. Rg2 Re1 44. Re2 Rd1 45. Ke4 Rg1 1/2-1/2

[Event "WLS-ch"]
[Site "Cardiff"]
[Date "2009.04.11"]
[Round "2"]
[White "Blackburn, Suzie G"]
[Black "Smith, Olivia"]
[Result "1/2-1/2"]
[WhiteElo "1889"]
[BlackElo "2015"]
[PlyCount "32"]
[EventDate "2009.04.10"]
[EventType "swiss"]
[EventRounds "7"]
[EventCountry "WLS"]
[SourceTitle "CBM 129 Extra"]
[Source "ChessBase"]
[SourceDate "2009.05.05"]
[SourceVersion "2"]
[SourceVersionDate "2009.05.20"]
[SourceQuality "1"]

1. d4 Nf6 2. Nf3 d5 3. Bg5 Ne4 4. Bf4 c5 5. c3 Nc6 6. e3 Qb6 7. Qb3 c4 8. Qxb6 axb6 9. Nbd2 Nxd2 10. Nxd2 b5 11. a3 b4 12. cxb4 Nxb4 13. Rc1 Nc6 14. Be2 g6 15. Bf3 e6 16. 0-0 Bg7 1/2-1/2

[Event "WLS-ch"]
[Site "Cardiff"]
[Date "2009.04.11"]
[Round "3"]
[White "Rees, Gwynfor"]
[Black "Blackburn, Suzie G"]
[Result "1/2-1/2"]
[WhiteElo "2066"]
[BlackElo "1889"]
[PlyCount "85"]
[EventDate "2009.04.10"]
[EventType "swiss"]
[EventRounds "7"]
[EventCountry "WLS"]
[SourceTitle "CBM 129 Extra"]
[Source "ChessBase"]
[SourceDate "2009.05.05"]
[SourceVersion "2"]
[SourceVersionDate "2009.05.20"]
[SourceQuality "1"]

1. Nf3 Nf6 2. c4 e6 3. Nc3 b6 4. g3 Bb7 5. Bg2 c5 6. 0-0 Be7 7. Re1 d5 8. cxd5 exd5 9. d4 Nbd7 10. Bg5 h6 11. Be3 0-0 12. Rc1 Re8 13. Qc2 Rc8 14. Bh3 Ne4 15. Ne5 Nef6 16. Qa4 cxd4 17. Nxd7 Rc4 18. Nxf6+ Bxf6 19. Qxa7 Qe7 20. Nxd5 Bxd5 21. Qxe7 Rxe7 22. Rxc4 Bxc4 23. b3 Ba6 24. Bd2 Rxe2 25. Rxe2 Bxe2 26. Bf1 Bf3 27. Bd3 Kf8 28. Kf1 Ke7 29. Ke1 Kd6 30. Bb4+ Ke5 31. Kd2 Bg5+ 32. Kc2 f5 33. a4 Bd8 34. Bf8 Kf6 35. Bd6 Ke6 36. Bb8 Be4 37. b4 Kd5 38. Bf4 h5 39. h4 g6 40. Bd2 Bc7 41. a5 bxa5 42. bxa5 Kc5 43. a6 1/2-1/2

[Event "BCF-chT1a 0809 (4NCL)"]
[Site "England"]
[Date "2009.01.17"]
[Round "5.8"]
[White "Blackburn, Suzie G"]
[Black "Tiller, Bjorn"]
[Result "0-1"]
[WhiteElo "1891"]
[BlackElo "2370"]
[PlyCount "51"]
[EventDate "2008.10.04"]
[EventType "team-tourn"]
[EventRounds "7"]
[EventCountry "ENG"]
[SourceTitle "EXT 2010"]
[Source "ChessBase"]
[SourceDate "2010.11.25"]
[SourceVersion "1"]
[SourceVersionDate "2010.11.25"]
[SourceQuality "1"]
[WhiteTeam "SW Dragons"]
[BlackTeam "Wood Green Hilsmark Kingfisher"]
[WhiteTeamCountry "ENG"]
[BlackTeamCountry "ENG"]

1. d4 b5 2. Nf3 Bb7 3. Bg5 Nf6 4. Nbd2 d6 5. e3 a6 6. c4 bxc4 7. Nxc4 a5 8. Bd3 Nbd7 9. 0-0 e6 10. Re1 Be7 11. Rc1 0-0 12. Bc2 c5 13. e4 cxd4 14. Nxd4 Nc5 15. f3 d5 16. exd5 Nxd5 17. Bxe7 Qxe7 18. Qd2 a4 19. Nf5 Qf6 20. Nfd6 Ba6 21. Ne5 Qf4 22. Qxf4 Nxf4 23. Rcd1 f6 24. Nc6 e5 25. Re3 g6 26. Rc3 0-1